The New Educational Philosophy / (Record no. 8663)
[ view plain ]
| 000 -LEADER | |
|---|---|
| fixed length control field | 00565nam a2200205Ia 4500 |
| 001 - CONTROL NUMBER | |
| control field | 8676 |
| 008 - FIXED-LENGTH DATA ELEMENTS--GENERAL INFORMATION | |
| fixed length control field | 220121s2002 ii a g b000 u 465 u |
| 020 ## - INTERNATIONAL STANDARD BOOK NUMBER | |
| International Standard Book Number | 81-7625-317-0 |
| 082 ## - DEWEY DECIMAL CLASSIFICATION NUMBER | |
| Classification number | 370.1 |
| 100 ## - MAIN ENTRY--PERSONAL NAME | |
| Personal name | Sahu, Bhagirathi ., |
| Relator term | Author. |
| 245 #0 - TITLE STATEMENT | |
| Title | The New Educational Philosophy / |
| Statement of responsibility, etc. | Bhagirathi Sahu. |
| Medium | Textual Documents |
| 250 ## - EDITION STATEMENT | |
| Edition statement | 1st ed. / |
| 260 ## - PUBLICATION, DISTRIBUTION, ETC. | |
| Place of publication, distribution, etc. | New Delhi : |
| Name of publisher, distributor, etc. | Sarup & Sons , |
| Date of publication, distribution, etc. | 2002. |
| 300 ## - PHYSICAL DESCRIPTION | |
| Extent | ix,406p. : |
| Other physical details | ill ; |
| Dimensions | 21cm . |
| 504 ## - BIBLIOGRAPHY, ETC. NOTE | |
| Bibliography, etc. note | Bib |
| 653 ## - INDEX TERM--UNCONTROLLED | |
| Uncontrolled term | Educational Philosophy |
| 653 ## - INDEX TERM--UNCONTROLLED | |
| Uncontrolled term | PG-Education |
| 653 ## - INDEX TERM--UNCONTROLLED | |
| Uncontrolled term | G-Education |
| 942 ## - ADDED ENTRY ELEMENTS (KOHA) | |
| Source of classification or shelving scheme | Dewey Decimal Classification |
| Koha item type | Books |
| Withdrawn status | Lost status | Damaged status | Not for loan | Collection | Home library | Current library | Shelving location | Date acquired | Source of acquisition | Coded location qualifier | Total checkouts | Full call number | Barcode | Date last seen | Copy number | Price effective from | Koha item type | Public note |
|---|---|---|---|---|---|---|---|---|---|---|---|---|---|---|---|---|---|---|
| Dr. Suryya Kumar Bhuyan Library | Dr. Suryya Kumar Bhuyan Library | 01/02/2012 | 36 | 00000 | 370.1 Sa 19 Ne | 892/Edn | 13/01/2024 | 1 | 01/02/2012 | Books | 36 | |||||||
| Dr. Suryya Kumar Bhuyan Library | Dr. Suryya Kumar Bhuyan Library | 01/02/2012 | 00000 | 370.1 Sa 19 Ne | 2400/cu/edn | 13/01/2024 | 4 | 01/02/2012 | Books | |||||||||
| Dr. Suryya Kumar Bhuyan Library | Dr. Suryya Kumar Bhuyan Library | 01/02/2012 | 00000 | 370.1 Sa 19 Ne | 854/Edn | 13/01/2024 | 2 | 01/02/2012 | Books | |||||||||
| Dr. Suryya Kumar Bhuyan Library | Dr. Suryya Kumar Bhuyan Library | 01/02/2012 | 00000 | 370.1 Sa 19 Ne | 855/Edn | 13/01/2024 | 3 | 01/02/2012 | Books |
